Sociálna politika vo vybraných krajinách EÚ bakalárska práca

Enregistré dans:
Détails bibliographiques
Auteur principal: Cholpová, Daniela
Collectivité auteur: Podnikovohospodárska fakulta EU so sídlom v Košiciach. Katedra ekonómie
Autres auteurs: Pančurová, Dana, 1988-
Format: Livre
Langue:slovaque
Publié: Košice 2013
Tags: Ajouter un tag
Pas de tags, Soyez le premier à ajouter un tag!

MARC

LEADER 00000nbm a2200000 4500
001 0172203
005 20240827093010.4
041 0 |a slo 
044 |a SK 
245 1 0 |a Sociálna politika vo vybraných krajinách EÚ  |b bakalárska práca  |c Daniela Cholpová ; školiteľ: Dana Pančurová 
264 1 |a Košice  |c 2013 
300 |a 50 s. 
100 1 |a Cholpová, Daniela 
700 1 |a Pančurová, Dana, 1988- 
710 2 |a Podnikovohospodárska fakulta EU so sídlom v Košiciach. Katedra ekonómie